Высоковольтные установки и измерения на высоком напряжении: учебное пособие

Dades bibliogràfiques
Autor corporatiu: Ленинградский политехнический институт им. М. И. Калинина (ЛПИ)
Altres autors: Хоберг В. А. (редактор)
Idioma:rus
Publicat: Ленинград, 1977
Matèries:
Format: MixedMaterials Llibre
KOHA link:https://koha.lib.tpu.ru/cgi-bin/koha/opac-detail.pl?biblionumber=110297

MARC

LEADER 00000nam0a2200000 4500
001 110297
005 20231031120423.0
035 |a (RuTPU)RU\TPU\book\119113 
090 |a 110297 
100 |a 20070221d1977 m y0rusy50 ca 
101 0 |a rus 
102 |a RU 
105 |a a z 001zy 
200 1 |a Высоковольтные установки и измерения на высоком напряжении  |e учебное пособие  |f Ленинградский политехнический институт им. М. И. Калинина (ЛПИ) ; под ред. В. А. Хоберг 
210 |a Ленинград  |d 1977 
215 |a 51 с.  |c ил. 
320 |a Библиогр.: с. 52. 
610 1 |a высоковольтные установки 
610 1 |a измерение 
610 1 |a высокие напряжения 
610 1 |a учебные пособия 
675 |a 621.3.027.3(075.8)  |v 3 
702 1 |a Хоберг  |b В. А.  |4 340 
712 0 2 |a Ленинградский политехнический институт им. М. И. Калинина (ЛПИ)  |2 stltpush  |3 (RuTPU)RU\TPU\col\2601 
801 1 |a RU  |b 63413507  |c 20070221  |g PSBO 
801 2 |a RU  |b 63413507  |c 20100622  |g PSBO 
900 |a Высоковольтные испытательные установки и измерения 
942 |c BK